dougdoug quiz - Statistics

General Stats
  • This quiz has been taken 50 times
  • The average score is 10 of 12
Answer Stats
Hint Answer % Correct
how is Doug at 2d platformers bad
100%
how is Doug at 3d platformers still bad
100%
how is Doug at peggle worse that twitch chat
100%
who is the main character twitch chat
98%
who is doug's lawyer parkzer
95%
who is doug's secret gay lover parkzer
95%
what is doug's mascot a pepper
93%
what is doug's hairstyle bald
93%
who's the guy in the corner who won't shut up doug
84%
what game did Doug's brother make the Stanley parable
72%
what is everything rigged
35%
what is doug's iconic outfit Thanos speedo
26%
No matching quizzes found
Score Distribution
Percent of People with Each Score
Percentile by Number Answered
Your Score History
You have not taken this quiz